000
00333nam a2200133Ia 4500
008
150201s2014 xx 000 0 und d
082
_a
621.3
_b
KUO
100
_a
Kuo, Franklin
245
_a
Network analysis and synthesis
250
_a
2nd Ed.
260
_b
Wiley India Pvt. Ltd.
_a
N.Delhi
_c
2014
300
_a
515p.
942
_2
ddc
_c
BK
999
_c
5694
_d
5694